| 000 | 01384nam a22002177a 4500 | ||
|---|---|---|---|
| 008 | 100629t2000 xxu||||| |||| 00| 0 ara d | ||
| 082 |
_222 _bك ل ي _a382.1 |
||
| 100 | 1 |
_915447 _aكليفلاند، هارلان |
|
| 245 |
_aميلاد عالم جديد : _b(فرصة متاحة لقيادة عالمية) / _cهارلان كليفلاند؛ تقديم روبرت ماكنمار؛ ترجمة جمال علي زهران؛ مراجعة محمود إسماعيل محمد . |
||
| 260 |
_aالقاهرة : _bالمكتبة الأكاديمية ، _c2000. |
||
| 300 |
_a358 ص : _c24 سم. |
||
| 500 | _aBirth of a New World: An Open Moment for International Leadership by Harlan Cleveland forword by Robert S. McNamara Authorized translation from the English Language edition published by Jossey Inc., Publishers. | ||
| 541 |
_aألف باء ؛ _cشراء ؛ |
||
| 650 | 0 |
_915470 _aالعلاقات الاقتصادية الدولية |
|
| 650 | 0 |
_915471 _aالتعاون الدولي |
|
| 700 | 1 |
_915449 _aماكنمار، روبرت _eتقديم |
|
| 700 | 1 |
_915450 _aزهران، جمال على _eترجمة |
|
| 700 | 1 |
_915451 _aمحمد، محمود إسماعيل _eمراجعة |
|
| 942 |
_2ddc _cBB |
||
| 999 |
_c14289 _d14289 |
||